000 00572nam a2200205 i 4500
001 bgj
245 0 0 _aCambridge international dictionary of idioms.
250 _a[reprinted 1999].
260 _aCambridge :
_bCambridge University Press,
_c1999.
300 _aXV, 587 pp ;
_c20 cm.
650 9 _aEnglish language
_xIdioms
650 9 _aEnglish language
_xConversation and phrase books
655 _aDictionaries
020 _a052162567 X
040 _cBPK
041 0 _aeng
920 _a0-521-62567 X
942 _cKS
008 s uk f |000 0 eng
999 _c48225
_d48225
856 _uhttp://koha.tu.koszalin.pl/cgi-bin/koha/opac-detail.pl?biblionumber=48225
_yKatalog online BPK